000
00231nam a22000857a 4500
008
160916b xxu||||| |||| 00| 0 eng d
100
_9
620
_a
Bhatt.P.etal.
245
_a
English Common Reader
260
_a
New Delhi
_b
Frank Publications
_c
2012
999
_c
3279
_d
3279